00997nam a2200265 a 450000100060000000300080000600500170001400800410003103500190007204000270009104100080011808200220012610000420014824501030019026000580029330000240035150400490037565000330042465000300045765000370048785600400052494200120056499900170057695201380059360561BD-RjUL20211209080846.0170101t19681932nyu b 001 0 eng  a(BD-RjUL)60685 aDLCcDLCdBD-RjULbeng aeng00a382223bYNM 19681 aYntema, Theodore Otte,d1900-918036612aA mathematical reformulation of the general theory of international trade /cTheodore Otte Yntema. aNew York :bGreenwood Press,c1932 [Reprinting 1968]. axii, 120 p.c23 cm. aIncludes index and Bibliography: p. 114-115. 0aInternational trade.9172390 0aBalance of trade.9180368 0aEconomics, Mathematical.9172336 uMaterials for the study of business 2ddccBK c60561d60561 00102ddc40718NFICaRUCLbRUCLcReadingd1970-12-31eSwets & Zeithingerl0o382 YNM 1968r2017-01-01 00:00:00tC-1w2017-01-01yBK